000 00495nam a2200145Ia 4500
008 140724s9999 xx 000 0 und d
050 _aRC 495
_b.D275 2008
100 _aKevin Anton Dayleg.
245 4 _aThe effect of classical music on test-anxiety among second year nursing students /
_cKevin Anton Dayleg.
260 _aLas PiƱas, Philippines :
_bSouthville International School and Colleges,
_cc2008.
300 _a82 p. :
_c28 cm.
521 _aNursing
942 _cTH
999 _c229000
_d229000